书目信息 |
| 题名: |
医学微生物学实验教程
|
|
| 作者: | 孙玉萍 , 陈锋 主编 | |
| 分册: | ||
| 出版信息: | 北京 科学出版社 2016.03 |
|
| 页数: | 109页 | |
| 开本: | 24cm | |
| 丛书名: | ||
| 单 册: | ||
| 中图分类: | R37-33 | |
| 科图分类: | ||
| 主题词: | 医学微生物学--实验--医学院校--教材 | |
| 电子资源: | ||
| ISBN: | 978-7-03-047736-1 | |
| 000 | 01030nam0 2200241 450 | |
| 001 | 327 | |
| 005 | 20180922075257.50 | |
| 010 | @a978-7-03-047736-1@dCNY29.80 | |
| 100 | @a20160406d2016 em y0chiy50 ea | |
| 101 | 0 | @achi |
| 102 | @aCN@b110000 | |
| 105 | @aa z 000yy | |
| 200 | 1 | @a医学微生物学实验教程@9yi xue wei sheng wu xue shi yan jiao cheng@b专著@f孙玉萍,陈锋主编 |
| 210 | @a北京@c科学出版社@d2016.03 | |
| 215 | @a109页@c图,彩图@d24cm | |
| 300 | @a国家级实验教学示范中心全国高等院校医学实验教学规划教材 | |
| 330 | @a本书包括两章:第一章总论主要介绍微生物学实验目的和要求、实验室规则、微生物学实验室意外的紧急处理办法、微生物学实验室的常用设备及其使用方法以及常用培养基的配制方法。第二章实验部分介绍了教学涉及的十个实验,每个实验按实验原理、材料和方法、实验步骤、观察方法及注意事项和附件逐项进行编写。 | |
| 606 | 0 | @a医学微生物学@x实验@x医学院校@j教材 |
| 690 | @aR37-33@v5 | |
| 701 | 0 | @a孙玉萍@9sun yu ping@4主编 |
| 701 | 0 | @a陈锋@9chen feng@4主编 |
| 801 | 0 | @aCN@b91MARC@c20160613 |
| 905 | @aMuseLib@dR37-33@e311 | |
| 医学微生物学实验教程/孙玉萍,陈锋主编.-北京:科学出版社,2016.03 |
| 109页:图,彩图;24cm |
| 国家级实验教学示范中心全国高等院校医学实验教学规划教材 |
| ISBN 978-7-03-047736-1:CNY29.80 |
| 本书包括两章:第一章总论主要介绍微生物学实验目的和要求、实验室规则、微生物学实验室意外的紧急处理办法、微生物学实验室的常用设备及其使用方法以及常用培养基的配制方法。第二章实验部分介绍了教学涉及的十个实验,每个实验按实验原理、材料和方法、实验步骤、观察方法及注意事项和附件逐项进行编写。 |
| ● |
| 相关链接 |
|
|
|
|
正题名:医学微生物学实验教程
索取号:R37-33/311
 
预约/预借
| 序号 | 登录号 | 条形码 | 馆藏地/架位号 | 状态 | 备注 |
| 1 | 1119359 | 211193590 | 第二样本阅览室/ [索取号:R37-33/311] | 在馆 | |
| 2 | 1119360 | 211193607 | 第三借阅区/ [索取号:R37-33/311] | 在馆 | |
| 3 | 1119361 | 211193616 | 第三借阅区/ [索取号:R37-33/311] | 在馆 | |
| 4 | 1119362 | 211193625 | 第三借阅区/ [索取号:R37-33/311] | 在馆 | |
| 5 | 1119363 | 211193634 | 密集书库-生命科学系/ [索取号:R37-33/311] | 在馆 |